[Event "DVM U20 2018"]
[Site "Osnabrück GER"]
[Date "2018.12.28"]
[Round "4"]
[White "Korten, Lando"]
[Black "Linnert, Niklas"]
[Result "1/2-1/2"]
[Termination "normal"]
[Board "2.3"]
[WhiteElo "2100"]
[BlackElo "1939"]
[WhiteClock "00:04:25"]
[BlackClock "00:05:32"]
[WhiteTeam "SF Brackel"]
[BlackTeam "SK König Plauen"]
[PlyCount "61"]
[WhiteFideId "12989606"]
[BlackFideId "12974781"]
[EventCountry "GER"]
[EventRounds "7"]
[EventType "team-swiss"]
[EventDate "2018.12.26"]

1. d4 {[%clk 1:30:58]} Nf6 {[%clk 1:30:37]} 2. c4 {[%clk 1:31:24]} g6 {[%clk
1:30:01]} 3. Nc3 {[%clk 1:31:49]} d5 {[%clk 1:29:59]} 4. cxd5 Nxd5 {[%clk
1:30:25]} 5. e4 {[%clk 1:32:39]} Nxc3 {[%clk 1:30:47]} 6. bxc3 {[%clk 1:33:08]}
Bg7 {[%clk 1:31:01]} 7. Qa4+ Bd7 {[%clk 1:26:45]} 8. Qa3 {[%clk 1:34:05]} O-O
{[%clk 1:25:38]} 9. Bg5 {[%clk 1:34:33]} Re8 {[%clk 1:15:41]} 10. Bc4 {[%clk
1:34:40]} b5 {[%clk 1:15:19]} 11. Bb3 {[%clk 1:27:45]} a5 {[%clk 1:14:20]} 12.
Nf3 {[%clk 1:22:02]} a4 13. Ne5 {[%clk 1:15:55]} Bxe5 {[%clk 1:03:48]} 14. dxe5
{[%clk 1:16:13]} Na6 15. Bc2 {[%clk 1:12:33]} c5 {[%clk 1:04:21]} 16. O-O Qc7
{[%clk 0:55:04]} 17. f4 {[%clk 1:01:37]} b4 {[%clk 0:50:13]} 18. Qc1 {[%clk
0:56:27]} Qb6 {[%clk 0:38:23]} 19. f5 {[%clk 0:41:06]} Nc7 {[%clk 0:27:07]} 20.
Qf4 b3 {[%clk 0:26:35]} 21. axb3 {[%clk 0:19:12]} c4+ {[%clk 0:25:10]} 22. Kh1
{[%clk 0:15:52]} axb3 23. Rxa8 {[%clk 0:15:12]} Rxa8 {[%clk 0:25:34]} 24. e6
Nxe6 {[%clk 0:18:34]} 25. fxe6 {[%clk 0:12:28]} Qxe6 {[%clk 0:18:50]} 26. Bb1
{[%clk 0:11:51]} f6 {[%clk 0:12:31]} 27. Bh4 {[%clk 0:10:09]} g5 {[%clk
0:08:48]} 28. Bxg5 {[%clk 0:10:38]} fxg5 {[%clk 0:09:09]} 29. Qxg5+ {[%clk
0:11:07]} Kh8 30. e5 {[%clk 0:06:07]} Bc6 {[%clk 0:05:32]} 31. Qh4 {[%clk
0:04:25]} 1/2-1/2

[Event "DVM U20 2018"]
[Site "Osnabrück GER"]
[Date "2018.12.28"]
[Round "4"]
[White "Hörkner, Nico"]
[Black "Stemmler, Fabian"]
[Result "0-1"]
[Termination "normal"]
[Board "2.4"]
[WhiteElo "1775"]
[BlackElo "1972"]
[WhiteClock "00:01:34"]
[BlackClock "00:04:22"]
[WhiteTeam "SK König Plauen"]
[BlackTeam "SF Brackel"]
[PlyCount "68"]
[WhiteFideId "12974900"]
[BlackFideId "12964808"]
[EventCountry "GER"]
[EventRounds "7"]
[EventType "team-swiss"]
[EventDate "2018.12.26"]

1. d4 {[%clk 1:30:56]} d5 {[%clk 1:30:52]} 2. Nf3 {[%clk 1:31:20]} Nf6 {[%clk
1:31:16]} 3. g3 {[%clk 1:31:35]} Bf5 {[%clk 1:26:30]} 4. Bg2 {[%clk 1:30:55]}
e6 {[%clk 1:26:45]} 5. O-O {[%clk 1:31:08]} Be7 {[%clk 1:26:30]} 6. c4 {[%clk
1:30:11]} c6 {[%clk 1:26:51]} 7. Nc3 {[%clk 1:26:28]} Nbd7 {[%clk 1:26:44]} 8.
b3 {[%clk 1:17:39]} Ne4 {[%clk 1:20:25]} 9. Bb2 {[%clk 1:15:00]} Nxc3 {[%clk
1:20:46]} 10. Bxc3 {[%clk 1:15:23]} Be4 {[%clk 1:20:47]} 11. Nd2 {[%clk
1:04:25]} Bxg2 {[%clk 1:17:56]} 12. Kxg2 {[%clk 1:04:41]} Nf6 {[%clk 1:17:31]}
13. f3 {[%clk 0:57:07]} O-O {[%clk 0:43:52]} 14. e4 {[%clk 0:51:50]} a5 {[%clk
0:34:45]} 15. e5 {[%clk 0:30:41]} Ne8 {[%clk 0:34:17]} 16. f4 {[%clk 0:27:06]}
Nc7 {[%clk 0:32:02]} 17. Bb2 {[%clk 0:22:34]} a4 {[%clk 0:25:35]} 18. Nf3
{[%clk 0:17:23]} c5 {[%clk 0:23:59]} 19. Qc2 {[%clk 0:14:06]} a3 {[%clk
0:20:31]} 20. Bc3 {[%clk 0:13:28]} b5 {[%clk 0:18:20]} 21. dxc5 {[%clk
0:08:51]} dxc4 {[%clk 0:16:14]} 22. b4 {[%clk 0:07:19]} Nd5 {[%clk 0:16:37]}
23. Kf2 {[%clk 0:06:54]} Ra4 {[%clk 0:15:30]} 24. Rab1 {[%clk 0:07:07]} Nxb4
{[%clk 0:15:14]} 25. Bxb4 {[%clk 0:04:01]} Rxb4 {[%clk 0:15:38]} 26. Rxb4
{[%clk 0:04:10]} Bxc5+ {[%clk 0:16:01]} 27. Kg2 {[%clk 0:04:37]} Bxb4 {[%clk
0:16:23]} 28. Rb1 {[%clk 0:04:49]} Qe7 {[%clk 0:14:07]} 29. Nd4 {[%clk
0:04:36]} Qc5 {[%clk 0:11:35]} 30. Qe4 {[%clk 0:03:37]} Rd8 {[%clk 0:09:37]}
31. Nc2 {[%clk 0:03:03]} Bc3 {[%clk 0:09:19]} 32. Kh3 {[%clk 0:02:50]} Bb2
{[%clk 0:08:16]} 33. Ne3 {[%clk 0:02:13]} h6 {[%clk 0:06:11]} 34. Nd1 {[%clk
0:01:34]} c3 {[%clk 0:04:22]} 0-1

[Event "DVM U20 2018"]
[Site "Osnabrück GER"]
[Date "2018.12.28"]
[Round "4"]
[White "Elstner, Florian"]
[Black "Wastian, Jan"]
[Result "0-1"]
[Termination "normal"]
[Board "2.6"]
[WhiteElo "1284"]
[BlackElo "1924"]
[WhiteClock "00:11:24"]
[BlackClock "00:05:06"]
[WhiteTeam "SK König Plauen"]
[BlackTeam "SF Brackel"]
[PlyCount "80"]
[WhiteFideId "16247264"]
[BlackFideId "12911640"]
[EventCountry "GER"]
[EventRounds "7"]
[EventType "team-swiss"]
[EventDate "2018.12.26"]

1. d4 {[%clk 1:30:56]} d5 {[%clk 1:30:48]} 2. c4 {[%clk 1:31:21]} c6 {[%clk
1:31:09]} 3. Nc3 {[%clk 1:31:39]} Nf6 {[%clk 1:31:07]} 4. Bg5 {[%clk 1:31:47]}
e6 {[%clk 1:31:14]} 5. e3 {[%clk 1:32:07]} Nbd7 {[%clk 1:31:25]} 6. cxd5 {[%clk
1:32:23]} exd5 {[%clk 1:30:07]} 7. Bd3 {[%clk 1:32:26]} Be7 {[%clk 1:23:21]} 8.
Qc2 {[%clk 1:31:44]} O-O {[%clk 1:21:28]} 9. Nge2 {[%clk 1:30:38]} Re8 {[%clk
1:18:35]} 10. h4 {[%clk 1:26:59]} Nf8 {[%clk 1:10:29]} 11. f3 {[%clk 1:15:36]}
Nh5 {[%clk 0:48:01]} 12. g4 {[%clk 1:06:40]} f6 {[%clk 0:45:26]} 13. Bh6 gxh6
{[%clk 0:42:55]} 14. gxh5 {[%clk 0:57:51]} Bb4 {[%clk 0:35:27]} 15. O-O-O
{[%clk 0:48:48]} Qe7 {[%clk 0:31:07]} 16. Rhg1+ {[%clk 0:46:06]} Kh8 {[%clk
0:31:18]} 17. e4 {[%clk 0:39:14]} Be6 {[%clk 0:26:19]} 18. Nf4 {[%clk 0:33:09]}
Bxc3 {[%clk 0:23:59]} 19. bxc3 {[%clk 0:30:55]} Qc7 {[%clk 0:19:55]} 20. Qh2
{[%clk 0:24:59]} Qa5 {[%clk 0:19:10]} 21. Qg2 {[%clk 0:20:45]} Qxc3+ {[%clk
0:18:09]} 22. Bc2 {[%clk 0:19:58]} Qa3+ {[%clk 0:17:43]} 23. Kd2 {[%clk
0:19:32]} Qe7 {[%clk 0:16:37]} 24. exd5 {[%clk 0:19:32]} cxd5 {[%clk 0:13:25]}
25. Rde1 {[%clk 0:19:29]} Qc7 {[%clk 0:13:25]} 26. Qg3 {[%clk 0:17:26]} Rac8
{[%clk 0:10:58]} 27. Rc1 {[%clk 0:12:26]} Re7 {[%clk 0:10:34]} 28. Bf5 {[%clk
0:12:11]} Qa5+ {[%clk 0:10:34]} 29. Kd1 {[%clk 0:12:11]} Qa4+ {[%clk 0:09:45]}
30. Rc2 {[%clk 0:12:03]} Qxd4+ {[%clk 0:09:35]} 31. Kc1 {[%clk 0:12:04]} Rec7
{[%clk 0:08:29]} 32. Rgg2 {[%clk 0:11:59]} Rxc2+ {[%clk 0:07:43]} 33. Bxc2
{[%clk 0:11:59]} f5 {[%clk 0:07:50]} 34. Nxe6 {[%clk 0:11:31]} Nxe6 {[%clk
0:07:23]} 35. Qd6 {[%clk 0:11:31]} Nf4 {[%clk 0:06:42]} 36. Qd7 {[%clk
0:11:54]} Nd3+ {[%clk 0:06:42]} 37. Kd1 {[%clk 0:11:54]} Nb4+ {[%clk 0:04:48]}
38. Ke1 Qe3+ {[%clk 0:05:06]} 39. Re2 {[%clk 0:11:13]} Qg1+ {[%clk 0:05:06]}
40. Kd2 {[%clk 0:11:24]} Rxc2# 0-1

[Event "DVM U20 2018"]
[Site "Osnabrück GER"]
[Date "2018.12.28"]
[Round "4"]
[White "Joeres, Stefan"]
[Black "Pluska, Alexander"]
[Result "1/2-1/2"]
[Termination "normal"]
[Board "3.1"]
[WhiteElo "2093"]
[BlackElo "2224"]
[WhiteClock "01:00:30"]
[BlackClock "00:36:12"]
[WhiteTeam "Karlsruher SF"]
[BlackTeam "SK Doppelbauer Kiel"]
[PlyCount "77"]
[WhiteFideId "12983160"]
[BlackFideId "12975141"]
[EventCountry "GER"]
[EventRounds "7"]
[EventType "team-swiss"]
[EventDate "2018.12.26"]

1. e4 {[%clk 1:30:58]} c5 {[%clk 1:30:55]} 2. Nf3 {[%clk 1:31:26]} d6 {[%clk
1:31:21]} 3. d4 {[%clk 1:31:55]} cxd4 {[%clk 1:31:46]} 4. Nxd4 {[%clk 1:32:24]}
Nf6 {[%clk 1:32:10]} 5. Nc3 {[%clk 1:32:51]} a6 {[%clk 1:32:37]} 6. a3 {[%clk
1:33:19]} e5 {[%clk 1:33:03]} 7. Nf5 {[%clk 1:33:47]} d5 {[%clk 1:33:28]} 8.
Bg5 {[%clk 1:34:14]} d4 {[%clk 1:33:54]} 9. Bxf6 {[%clk 1:34:42]} gxf6 {[%clk
1:34:18]} 10. Na2 Bxf5 {[%clk 1:25:45]} 11. exf5 {[%clk 1:34:57]} Qd5 {[%clk
1:25:49]} 12. Be2 {[%clk 1:32:51]} Qxg2 {[%clk 1:22:46]} 13. Bf3 {[%clk
1:33:17]} Qh3 {[%clk 1:22:57]} 14. Bxb7 {[%clk 1:33:33]} Ra7 {[%clk 1:23:21]}
15. Qf3 {[%clk 1:33:38]} Qxf3 {[%clk 1:23:43]} 16. Bxf3 {[%clk 1:34:05]} Rg8
{[%clk 1:16:11]} 17. c3 {[%clk 1:33:02]} Rg5 18. cxd4 {[%clk 1:21:03]} Rxf5
{[%clk 1:12:17]} 19. Be4 {[%clk 1:21:16]} Rf4 {[%clk 1:12:26]} 20. Bxh7 {[%clk
1:21:03]} Rxd4 {[%clk 1:12:32]} 21. Rd1 {[%clk 1:20:37]} Rad7 22. Rxd4 {[%clk
1:16:36]} Rxd4 {[%clk 1:13:09]} 23. Ke2 Nc6 {[%clk 0:44:35]} 24. Rc1 {[%clk
1:14:42]} Ne7 {[%clk 0:44:48]} 25. Bd3 {[%clk 1:13:24]} Bh6 {[%clk 0:45:10]}
26. Rc4 {[%clk 1:13:22]} Rd6 {[%clk 0:43:04]} 27. Nc3 {[%clk 1:09:13]} Ng6
{[%clk 0:42:19]} 28. Bxg6 {[%clk 1:06:04]} Rd2+ {[%clk 0:42:40]} 29. Kf3 {[%clk
1:05:21]} fxg6 {[%clk 0:43:05]} 30. Ne4 {[%clk 1:05:31]} Rxb2 {[%clk 0:42:59]}
31. Nxf6+ {[%clk 1:05:59]} Kf7 {[%clk 0:43:16]} 32. Ng4 Bf4 {[%clk 0:36:31]}
33. Rc7+ {[%clk 1:01:15]} Ke6 {[%clk 0:36:32]} 34. h4 {[%clk 0:59:28]} Rb3+
{[%clk 0:34:47]} 35. Ke4 {[%clk 0:59:51]} Rxa3 {[%clk 0:35:11]} 36. Rc6+ {[%clk
1:00:13]} Kf7 {[%clk 0:35:26]} 37. Nxe5+ {[%clk 0:59:49]} Bxe5 {[%clk 0:35:51]}
38. Kxe5 {[%clk 1:00:15]} Ra5+ {[%clk 0:36:12]} 39. Kf4 {[%clk 1:00:30]}
1/2-1/2

[Event "DVM U20 2018"]
[Site "Osnabrück GER"]
[Date "2018.12.28"]
[Round "4"]
[White "Beeck, Mats"]
[Black "Koll, Lukas"]
[Result "1/2-1/2"]
[Termination "normal"]
[Board "3.2"]
[WhiteElo "2126"]
[BlackElo "1993"]
[WhiteClock "00:34:24"]
[BlackClock "00:54:28"]
[WhiteTeam "SK Doppelbauer Kiel"]
[BlackTeam "Karlsruher SF"]
[PlyCount "40"]
[WhiteFideId "12936944"]
[BlackFideId "12969737"]
[EventCountry "GER"]
[EventRounds "7"]
[EventType "team-swiss"]
[EventDate "2018.12.26"]

1. Nf3 {[%clk 1:30:49]} d5 {[%clk 1:30:53]} 2. e3 {[%clk 1:30:36]} Nf6 {[%clk
1:31:11]} 3. c4 {[%clk 1:30:59]} e6 {[%clk 1:31:30]} 4. Nc3 {[%clk 1:31:02]}
Be7 {[%clk 1:31:50]} 5. b3 {[%clk 1:31:21]} b6 {[%clk 1:32:00]} 6. Bb2 {[%clk
1:31:34]} Bb7 {[%clk 1:32:24]} 7. d4 {[%clk 1:22:42]} O-O {[%clk 1:32:41]} 8.
Bd3 {[%clk 1:23:00]} c5 {[%clk 1:32:06]} 9. dxc5 {[%clk 1:22:30]} Bxc5 {[%clk
1:32:14]} 10. O-O {[%clk 1:20:07]} dxc4 {[%clk 1:29:48]} 11. Bxc4 {[%clk
1:20:26]} Qxd1 {[%clk 1:27:15]} 12. Rfxd1 {[%clk 1:19:22]} Nc6 {[%clk 1:27:12]}
13. Nb5 {[%clk 0:59:04]} Rfd8 {[%clk 1:09:13]} 14. Ne5 {[%clk 0:55:50]} a5
{[%clk 1:08:06]} 15. Nxc6 {[%clk 0:50:40]} Bxc6 {[%clk 1:07:12]} 16. Be5 {[%clk
0:44:52]} Kf8 {[%clk 1:02:49]} 17. Bd4 {[%clk 0:39:21]} Nd7 {[%clk 0:59:16]}
18. Bxc5+ Nxc5 {[%clk 0:58:31]} 19. f3 {[%clk 0:34:05]} Ke7 {[%clk 0:58:19]}
20. Kf2 {[%clk 0:34:24]} Rxd1 {[%clk 0:54:28]} 1/2-1/2

[Event "DVM U20 2018"]
[Site "Osnabrück GER"]
[Date "2018.12.28"]
[Round "4"]
[White "Wegmer, Leon"]
[Black "Arndt, Magnus"]
[Result "1/2-1/2"]
[Termination "normal"]
[Board "3.3"]
[WhiteElo "1892"]
[BlackElo "2167"]
[WhiteClock "00:17:40"]
[BlackClock "00:08:15"]
[WhiteTeam "Karlsruher SF"]
[BlackTeam "SK Doppelbauer Kiel"]
[PlyCount "112"]
[WhiteFideId "12983748"]
[BlackFideId "12998656"]
[EventCountry "GER"]
[EventRounds "7"]
[EventType "team-swiss"]
[EventDate "2018.12.26"]

1. e4 {[%clk 1:30:57]} e5 {[%clk 1:30:54]} 2. Nf3 {[%clk 1:31:23]} Nc6 {[%clk
1:31:19]} 3. Bb5 {[%clk 1:31:49]} a6 {[%clk 1:31:42]} 4. Ba4 {[%clk 1:32:18]}
Nf6 {[%clk 1:30:38]} 5. d3 {[%clk 1:32:14]} b5 {[%clk 1:31:02]} 6. Bb3 {[%clk
1:32:43]} Be7 {[%clk 1:31:25]} 7. O-O {[%clk 1:33:06]} O-O {[%clk 1:31:48]} 8.
Re1 {[%clk 1:31:52]} d6 {[%clk 1:32:01]} 9. c3 {[%clk 1:31:34]} Na5 {[%clk
1:31:43]} 10. Bc2 {[%clk 1:31:59]} c5 {[%clk 1:32:07]} 11. d4 {[%clk 1:29:53]}
Qc7 {[%clk 1:17:33]} 12. d5 {[%clk 1:24:42]} Ne8 {[%clk 1:13:54]} 13. b3 {[%clk
1:06:51]} g6 14. Nbd2 f5 {[%clk 0:58:30]} 15. exf5 {[%clk 1:06:52]} gxf5 {[%clk
0:58:48]} 16. Nf1 {[%clk 1:04:58]} Qd8 {[%clk 0:36:21]} 17. Ng3 Ng7 {[%clk
0:29:18]} 18. Nd2 {[%clk 0:45:06]} Bd7 19. Nh5 {[%clk 0:40:39]} Qe8 {[%clk
0:27:01]} 20. Nxg7 {[%clk 0:40:21]} Kxg7 {[%clk 0:27:28]} 21. Qe2 Bf6 {[%clk
0:21:46]} 22. Rb1 {[%clk 0:37:57]} Rc8 {[%clk 0:20:08]} 23. c4 {[%clk 0:36:36]}
Kh8 {[%clk 0:15:05]} 24. Kh1 Rg8 {[%clk 0:08:55]} 25. Bb2 {[%clk 0:22:53]} Qf7
{[%clk 0:07:57]} 26. Qf3 {[%clk 0:19:38]} Qg7 {[%clk 0:06:17]} 27. Rg1 {[%clk
0:18:55]} Rcf8 {[%clk 0:04:35]} 28. Qe2 {[%clk 0:18:07]} Rc8 {[%clk 0:03:27]}
29. Bc3 {[%clk 0:17:16]} Nb7 {[%clk 0:03:09]} 30. Nf1 {[%clk 0:16:38]} b4
{[%clk 0:02:49]} 31. Bb2 {[%clk 0:16:57]} Rce8 {[%clk 0:01:59]} 32. Ng3 {[%clk
0:17:03]} Qg6 {[%clk 0:01:23]} 33. Qf3 {[%clk 0:15:52]} Ref8 {[%clk 0:01:01]}
34. Bxf5 {[%clk 0:14:08]} Bxf5 {[%clk 0:01:20]} 35. Qxf5 {[%clk 0:14:28]} Bh4
{[%clk 0:01:16]} 36. Qxg6 {[%clk 0:14:08]} hxg6 {[%clk 0:01:02]} 37. Rgf1
{[%clk 0:13:28]} Rf4 {[%clk 0:00:50]} 38. f3 {[%clk 0:13:00]} Rf7 {[%clk
0:00:39]} 39. Ne4 {[%clk 0:12:36]} Kh7 {[%clk 0:01:04]} 40. g3 {[%clk 0:12:14]}
Be7 {[%clk 0:01:28]} 41. Kg2 {[%clk 0:12:05]} a5 {[%clk 0:00:59]} 42. Bc1
{[%clk 0:06:38]} g5 {[%clk 0:00:37]} 43. Be3 {[%clk 0:06:35]} Rff8 {[%clk
0:25:22]} 44. g4 {[%clk 0:35:12]} Kg6 {[%clk 0:24:14]} 45. Ng3 {[%clk 0:35:26]}
Rh8 {[%clk 0:22:04]} 46. Nf5 {[%clk 0:35:39]} Rh7 {[%clk 0:22:14]} 47. Rh1
{[%clk 0:35:20]} Bf6 {[%clk 0:22:00]} 48. h3 {[%clk 0:33:33]} Ra8 {[%clk
0:20:13]} 49. Ng3 {[%clk 0:28:15]} a4 {[%clk 0:18:45]} 50. Ne4 {[%clk 0:28:41]}
axb3 {[%clk 0:17:44]} 51. axb3 {[%clk 0:29:07]} Ra3 {[%clk 0:13:00]} 52. Bc1
{[%clk 0:27:50]} Ra6 {[%clk 0:12:34]} 53. Kg3 {[%clk 0:24:12]} Be7 {[%clk
0:11:35]} 54. Rh2 {[%clk 0:19:26]} Rh8 {[%clk 0:11:25]} 55. Re2 {[%clk
0:18:51]} Rha8 {[%clk 0:11:08]} 56. Rc2 {[%clk 0:17:40]} Ra1 {[%clk 0:08:15]}
1/2-1/2

[Event "DVM U20 2018"]
[Site "Osnabrück GER"]
[Date "2018.12.28"]
[Round "4"]
[White "Wanner, Lukas"]
[Black "Wiesner, Alexander"]
[Result "1-0"]
[Termination "normal"]
[Board "3.4"]
[WhiteElo "2037"]
[BlackElo "1939"]
[WhiteClock "01:10:29"]
[BlackClock "00:59:55"]
[WhiteTeam "SK Doppelbauer Kiel"]
[BlackTeam "Karlsruher SF"]
[PlyCount "33"]
[WhiteFideId "12918148"]
[BlackFideId "12943991"]
[EventCountry "GER"]
[EventRounds "7"]
[EventType "team-swiss"]
[EventDate "2018.12.26"]

1. c4 {[%clk 1:30:59]} e5 {[%clk 1:30:44]} 2. g3 {[%clk 1:31:22]} Nc6 {[%clk
1:31:06]} 3. Nc3 {[%clk 1:31:40]} d6 {[%clk 1:31:22]} 4. Bg2 {[%clk 1:30:20]}
Be7 {[%clk 1:31:34]} 5. Nf3 {[%clk 1:30:07]} g5 {[%clk 1:31:07]} 6. h3 {[%clk
1:22:18]} f5 {[%clk 1:31:00]} 7. d3 g4 {[%clk 1:23:28]} 8. hxg4 {[%clk
1:22:31]} fxg4 {[%clk 1:23:52]} 9. Nh4 {[%clk 1:22:39]} Be6 {[%clk 1:20:43]}
10. Ng6 {[%clk 1:21:33]} hxg6 {[%clk 1:12:50]} 11. Rxh8 {[%clk 1:21:56]} Bf6
{[%clk 1:13:06]} 12. Rh7 {[%clk 1:20:04]} Nge7 {[%clk 1:11:11]} 13. Ne4 {[%clk
1:16:58]} Ng8 {[%clk 1:04:44]} 14. Nxf6+ {[%clk 1:15:12]} Nxf6 {[%clk 1:05:06]}
15. Bg5 {[%clk 1:12:30]} Bg8 {[%clk 1:03:09]} 16. Rh8 {[%clk 1:10:29]} Kf8
{[%clk 0:59:55]} 17. Bd5 {[%clk 1:10:29]} 1-0

[Event "DVM U20 2018"]
[Site "Osnabrück GER"]
[Date "2018.12.28"]
[Round "4"]
[White "Fidlin, Simon"]
[Black "Rieper, Julian"]
[Result "1-0"]
[Termination "normal"]
[Board "3.5"]
[WhiteElo "1893"]
[BlackElo "2058"]
[WhiteClock "00:17:03"]
[BlackClock "00:07:20"]
[WhiteTeam "Karlsruher SF"]
[BlackTeam "SK Doppelbauer Kiel"]
[PlyCount "145"]
[WhiteFideId "16217535"]
[BlackFideId "12936960"]
[EventCountry "GER"]
[EventRounds "7"]
[EventType "team-swiss"]
[EventDate "2018.12.26"]

1. e4 {[%clk 1:30:59]} e5 {[%clk 1:30:48]} 2. Nf3 {[%clk 1:31:24]} Nc6 {[%clk
1:31:12]} 3. Bb5 {[%clk 1:31:48]} a6 {[%clk 1:31:36]} 4. Ba4 {[%clk 1:32:14]}
Nf6 {[%clk 1:31:58]} 5. d3 {[%clk 1:32:40]} b5 {[%clk 1:32:09]} 6. Bb3 {[%clk
1:33:04]} Be7 {[%clk 1:32:35]} 7. O-O {[%clk 1:33:24]} d6 {[%clk 1:32:40]} 8.
c3 {[%clk 1:33:41]} O-O {[%clk 1:32:51]} 9. Re1 {[%clk 1:33:58]} Na5 {[%clk
1:32:47]} 10. Bc2 {[%clk 1:34:21]} c5 {[%clk 1:33:11]} 11. d4 {[%clk 1:33:38]}
Qc7 12. d5 {[%clk 1:31:45]} Ne8 {[%clk 1:29:45]} 13. b3 {[%clk 1:28:50]} g6
{[%clk 1:21:42]} 14. Nbd2 {[%clk 1:22:59]} f5 {[%clk 1:17:09]} 15. Nf1 {[%clk
1:16:02]} f4 {[%clk 1:08:51]} 16. Kh1 {[%clk 1:10:34]} g5 {[%clk 1:04:21]} 17.
Ng1 {[%clk 1:09:02]} Nf6 {[%clk 1:01:57]} 18. h3 {[%clk 1:06:50]} h5 {[%clk
0:53:25]} 19. Nh2 {[%clk 1:05:03]} g4 {[%clk 0:42:48]} 20. f3 {[%clk 1:04:46]}
Rf7 {[%clk 0:41:20]} 21. Qe2 Rg7 {[%clk 0:32:48]} 22. Bd2 {[%clk 0:58:41]} Bd7
23. c4 {[%clk 0:54:49]} Rb8 {[%clk 0:25:10]} 24. Rec1 {[%clk 0:51:20]} bxc4
{[%clk 0:22:38]} 25. bxc4 {[%clk 0:50:47]} Kf7 {[%clk 0:22:13]} 26. Rab1 {[%clk
0:46:53]} Rbg8 {[%clk 0:20:58]} 27. Bd3 {[%clk 0:43:00]} gxh3 {[%clk 0:18:08]}
28. Nxh3 {[%clk 0:41:45]} Rg3 {[%clk 0:14:31]} 29. Ng1 {[%clk 0:40:31]} h4
{[%clk 0:14:02]} 30. Be1 {[%clk 0:38:45]} Nh5 {[%clk 0:10:03]} 31. Qf2 {[%clk
0:34:37]} h3 {[%clk 0:09:01]} 32. Nxh3 {[%clk 0:31:06]} Rxh3 {[%clk 0:08:57]}
33. Qd2 {[%clk 0:26:12]} Ng3+ {[%clk 0:04:15]} 34. Kg1 {[%clk 0:24:51]} Nb7
{[%clk 0:03:34]} 35. gxh3 {[%clk 0:24:16]} Nxe4+ {[%clk 0:02:01]} 36. Qg2
{[%clk 0:24:05]} Rxg2+ {[%clk 0:02:05]} 37. Kxg2 {[%clk 0:24:28]} Ng5 {[%clk
0:02:10]} 38. h4 {[%clk 0:24:39]} Bh3+ {[%clk 0:01:33]} 39. Kh1 {[%clk
0:24:22]} e4 {[%clk 0:01:02]} 40. fxe4 {[%clk 0:24:01]} f3 {[%clk 0:00:38]} 41.
hxg5 Bg2+ {[%clk 0:29:01]} 42. Kg1 {[%clk 0:53:36]} Bxg5 {[%clk 0:29:21]} 43.
Rc2 {[%clk 0:51:35]} Be3+ {[%clk 0:28:15]} 44. Bf2 {[%clk 0:51:46]} Bf4 {[%clk
0:28:29]} 45. Bf1 {[%clk 0:51:34]} Qe7 {[%clk 0:28:18]} 46. Bxg2 {[%clk
0:51:02]} fxg2 {[%clk 0:27:29]} 47. Re2 {[%clk 0:49:28]} Na5 {[%clk 0:25:10]}
48. Nf3 {[%clk 0:43:39]} Nxc4 {[%clk 0:24:32]} 49. Kxg2 {[%clk 0:42:58]} Qd7
{[%clk 0:24:26]} 50. Rb3 {[%clk 0:40:52]} Qg4+ {[%clk 0:23:53]} 51. Kf1 {[%clk
0:39:09]} Qh3+ {[%clk 0:23:04]} 52. Kg1 {[%clk 0:38:50]} Qg4+ {[%clk 0:22:52]}
53. Kf1 {[%clk 0:39:02]} Qh3+ {[%clk 0:22:34]} 54. Ke1 {[%clk 0:36:36]} Qh1+
{[%clk 0:22:26]} 55. Ng1 {[%clk 0:36:25]} Ne5 {[%clk 0:21:51]} 56. Kf1 {[%clk
0:31:04]} Qh5 {[%clk 0:19:28]} 57. Rh3 {[%clk 0:27:16]} Qg4 {[%clk 0:18:40]}
58. Rh4 {[%clk 0:27:10]} Qg5 {[%clk 0:15:19]} 59. Nh3 {[%clk 0:27:33]} Qg7
{[%clk 0:14:43]} 60. Nxf4 {[%clk 0:26:50]} Nf3 {[%clk 0:14:27]} 61. Ne6 {[%clk
0:26:07]} Qa1+ {[%clk 0:14:48]} 62. Kg2 {[%clk 0:26:02]} Nxh4+ {[%clk 0:15:08]}
63. Bxh4 {[%clk 0:26:21]} Qd1 {[%clk 0:13:54]} 64. Rf2+ {[%clk 0:25:32]} Kg6
{[%clk 0:13:15]} 65. Kh2 {[%clk 0:22:06]} c4 {[%clk 0:11:59]} 66. Bf6 {[%clk
0:19:55]} Qh5+ {[%clk 0:08:29]} 67. Kg3 {[%clk 0:20:02]} Qh1 {[%clk 0:08:15]}
68. Bd4 {[%clk 0:18:53]} Qg1+ {[%clk 0:08:06]} 69. Rg2 {[%clk 0:18:43]} Qd1
{[%clk 0:07:15]} 70. Kf4+ {[%clk 0:17:25]} Kh7 {[%clk 0:06:27]} 71. Nf8+ {[%clk
0:16:55]} Kh6 {[%clk 0:06:52]} 72. Bg7+ {[%clk 0:17:03]} Kh5 {[%clk 0:07:20]}
73. Rh2# 1-0

[Event "DVM U20 2018"]
[Site "Osnabrück GER"]
[Date "2018.12.28"]
[Round "4"]
[White "Karlisch, Moritz"]
[Black "Grining, Maria"]
[Result "1-0"]
[Termination "normal"]
[Board "3.6"]
[WhiteElo "1864"]
[BlackElo "1618"]
[WhiteClock "00:04:03"]
[BlackClock "00:02:25"]
[WhiteTeam "SK Doppelbauer Kiel"]
[BlackTeam "Karlsruher SF"]
[PlyCount "75"]
[WhiteFideId "12964859"]
[BlackFideId "16235037"]
[EventCountry "GER"]
[EventRounds "7"]
[EventType "team-swiss"]
[EventDate "2018.12.26"]

1. d4 {[%clk 1:30:58]} d5 {[%clk 1:30:53]} 2. c4 {[%clk 1:31:22]} e6 {[%clk
1:31:00]} 3. Nc3 {[%clk 1:31:46]} c5 {[%clk 1:31:11]} 4. cxd5 {[%clk 1:31:46]}
cxd4 {[%clk 1:31:26]} 5. Qa4+ {[%clk 1:30:56]} Bd7 {[%clk 1:31:44]} 6. Qxd4
{[%clk 1:31:07]} exd5 {[%clk 1:31:57]} 7. Qxd5 {[%clk 1:29:35]} Nc6 {[%clk
1:30:45]} 8. Nf3 {[%clk 1:25:17]} Nf6 {[%clk 1:30:50]} 9. Qd1 {[%clk 1:24:25]}
Bc5 {[%clk 1:30:49]} 10. e3 {[%clk 1:20:35]} Qe7 {[%clk 1:30:43]} 11. Be2
{[%clk 1:19:07]} O-O-O 12. Bd2 {[%clk 1:11:57]} g5 {[%clk 1:29:59]} 13. O-O
{[%clk 1:06:10]} g4 {[%clk 1:29:38]} 14. Nh4 {[%clk 1:00:36]} h5 {[%clk
1:24:38]} 15. a3 Nh7 {[%clk 1:20:55]} 16. g3 {[%clk 0:55:45]} Ng5 {[%clk
1:19:45]} 17. b4 {[%clk 0:51:39]} Bd6 {[%clk 1:17:11]} 18. Rc1 {[%clk 0:49:24]}
Kb8 {[%clk 1:15:46]} 19. Nd5 {[%clk 0:45:29]} Qe6 {[%clk 1:11:28]} 20. Bc3 Ne5
{[%clk 1:05:19]} 21. b5 {[%clk 0:38:21]} Rhg8 {[%clk 0:55:23]} 22. Nf4 {[%clk
0:36:06]} Qh6 {[%clk 0:49:15]} 23. Qd5 {[%clk 0:32:18]} Nef3+ {[%clk 0:32:08]}
24. Nxf3 {[%clk 0:31:28]} Nxf3+ {[%clk 0:31:51]} 25. Bxf3 {[%clk 0:31:26]} gxf3
26. Rfd1 {[%clk 0:27:01]} Bxf4 {[%clk 0:20:21]} 27. exf4 {[%clk 0:25:44]} Qe6
{[%clk 0:19:13]} 28. Be5+ {[%clk 0:25:37]} Ka8 {[%clk 0:19:26]} 29. Bc7 {[%clk
0:18:40]} Qh3 {[%clk 0:15:10]} 30. Qxf3 {[%clk 0:18:58]} Rde8 {[%clk 0:15:07]}
31. Rd5 h4 {[%clk 0:12:42]} 32. f5 {[%clk 0:16:13]} hxg3 {[%clk 0:12:18]} 33.
fxg3 {[%clk 0:15:54]} Rh8 {[%clk 0:11:17]} 34. Qf2 Bc8 {[%clk 0:05:32]} 35. b6
{[%clk 0:07:36]} axb6 {[%clk 0:04:06]} 36. Qc2 {[%clk 0:06:17]} Qg4 37. Qc3
{[%clk 0:04:00]} Qa4 {[%clk 0:02:25]} 38. Bxb6 {[%clk 0:04:03]} 1-0